[Event "Gausdal Classics op"]
[Site "Gausdal"]
[Date "2007.04.19"]
[Round "2"]
[White "Royset, Pal"]
[Black "Carlsen, Henrik"]
[Result "1-0"]
[WhiteElo "2238"]
[BlackElo "2095"]
[PlyCount "53"]
[EventDate "2007.04.18"]
[EventType "swiss"]
[EventRounds "9"]
[EventCountry "NOR"]
[SourceTitle "CBM 117 Extra"]
[Source "ChessBase"]
[SourceDate "2007.05.09"]
[SourceVersion "1"]
[SourceVersionDate "2007.05.09"]
[SourceQuality "1"]

1. e4 c5 2. c3 d5 3. exd5 Qxd5 4. d4 cxd4 5. cxd4 e5 6. Nf3 Bg4 7. Nc3 Bxf3 8. Nxd5 Bxd1 9. Nc7+ Kd8 10. Nxa8 Ba4 11. dxe5 Bb4+ 12. Bd2 Bxd2+ 13. Kxd2 b6 14. Be2 Bc6 15. Bf3 Bxf3 16. gxf3 Ne7 17. Rac1 Nbc6 18. Ke3 Re8 19. f4 f5 20. Rhd1+ Kc8 21. b4 b5 22. a4 Kb8 23. axb5 Nxb4 24. Nc7 Rc8 25. Na6+ Nxa6 26. Rxc8+ Kxc8 27. bxa6 1-0

[Event "Gausdal Classics op"]
[Site "Gausdal"]
[Date "2007.04.18"]
[Round "1"]
[White "Carlsen, Henrik"]
[Black "Dworakowska, Joanna"]
[Result "0-1"]
[WhiteElo "2095"]
[BlackElo "2363"]
[PlyCount "44"]
[EventDate "2007.04.18"]
[EventType "swiss"]
[EventRounds "9"]
[EventCountry "NOR"]
[SourceTitle "CBM 117 Extra"]
[Source "ChessBase"]
[SourceDate "2007.05.09"]
[SourceVersion "1"]
[SourceVersionDate "2007.05.09"]
[SourceQuality "1"]

1. d4 Nf6 2. c4 e6 3. Nf3 d5 4. Nc3 Be7 5. Bf4 0-0 6. e3 c6 7. c5 b6 8. b4 a5 9. a3 Nbd7 10. Bd3 Nh5 11. Ne5 Nxf4 12. exf4 Qc7 13. cxb6 Qxb6 14. Na4 Qc7 15. Nc5 axb4 16. axb4 Rxa1 17. Qxa1 Nxc5 18. bxc5 f6 19. Qb1 fxe5 20. Bxh7+ Kh8 21. fxe5 Qa5+ 22. Kf1 Qd2 0-1

[Event "NOR-ch op"]
[Site "Oslo"]
[Date "2006.04.15"]
[Round "8"]
[White "Hagesaether, Ellen"]
[Black "Carlsen, Henrik"]
[Result "1/2-1/2"]
[WhiteElo "2226"]
[BlackElo "2062"]
[PlyCount "72"]
[EventDate "2006.04.08"]
[EventType "swiss"]
[EventRounds "9"]
[EventCountry "NOR"]
[SourceTitle "CBM 111 Extra"]
[Source "ChessBase"]
[SourceDate "2006.05.09"]
[SourceVersion "1"]
[SourceVersionDate "2006.05.09"]
[SourceQuality "1"]

1. e4 c5 2. d3 Nc6 3. g3 d5 4. Nd2 Nf6 5. Ngf3 e5 6. Bg2 g6 7. 0-0 Bg7 8. Re1 0-0 9. exd5 Nxd5 10. Nc4 f6 11. c3 Be6 12. a4 Qd7 13. Nfd2 Rad8 14. a5 b5 15. axb6 axb6 16. Qb3 Na5 17. Nxa5 bxa5 18. Qa4 Qf7 19. Ne4 c4 20. dxc4 Nb6 21. Qc6 Nxc4 22. Nc5 Bd5 23. Bxd5 Qxd5 24. Qxd5+ Rxd5 25. Ne6 Rb8 26. Re4 Nxb2 27. Rb1 Rd1+ 28. Kg2 Rc8 29. Rxb2 Rxc1 30. Rb7 Bf8 31. Ra4 Re8 32. Nxf8 Rxf8 33. Rxa5 Rf7 34. Rxf7 Kxf7 35. Ra7+ Ke6 36. Rxh7 Rxc3 1/2-1/2

[Event "NOR-ch op"]
[Site "Oslo"]
[Date "2006.04.14"]
[Round "7"]
[White "Carlsen, Henrik"]
[Black "Bentsen, Oyvind"]
[Result "1/2-1/2"]
[WhiteElo "2062"]
[BlackElo "2211"]
[PlyCount "45"]
[EventDate "2006.04.08"]
[EventType "swiss"]
[EventRounds "9"]
[EventCountry "NOR"]
[SourceTitle "CBM 111 Extra"]
[Source "ChessBase"]
[SourceDate "2006.05.09"]
[SourceVersion "1"]
[SourceVersionDate "2006.05.09"]
[SourceQuality "1"]

1. e4 e5 2. Nf3 Nc6 3. Bb5 Nf6 4. 0-0 Nxe4 5. Re1 Nd6 6. Bf1 Be7 7. Nxe5 0-0 8. d4 Nf5 9. c3 Nxe5 10. Rxe5 d6 11. Re1 Bf6 12. Bd3 g6 13. Bf4 Bg5 14. Qg4 Bh6 15. Bxh6 Nxh6 16. Qf4 Kg7 17. Nd2 Bf5 18. Bxf5 Nxf5 19. Ne4 d5 20. Nc5 b6 21. Qe5+ Kg8 22. Nd3 Re8 23. Qf4 1/2-1/2

[Event "NOR-ch op"]
[Site "Oslo"]
[Date "2006.04.11"]
[Round "4"]
[White "Johannessen, Svein"]
[Black "Carlsen, Henrik"]
[Result "1/2-1/2"]
[WhiteElo "2252"]
[BlackElo "2062"]
[PlyCount "96"]
[EventDate "2006.04.08"]
[EventType "swiss"]
[EventRounds "9"]
[EventCountry "NOR"]
[SourceTitle "CBM 111 Extra"]
[Source "ChessBase"]
[SourceDate "2006.05.09"]
[SourceVersion "1"]
[SourceVersionDate "2006.05.09"]
[SourceQuality "1"]

1. d4 Nf6 2. c4 g6 3. Nc3 d5 4. Bg5 Ne4 5. Bh4 Nxc3 6. bxc3 Bg7 7. e3 c5 8. Nf3 cxd4 9. cxd4 Nc6 10. Rc1 0-0 11. cxd5 Qxd5 12. Bc4 Qa5+ 13. Qd2 Qxd2+ 14. Kxd2 Bg4 15. h3 Bxf3 16. gxf3 Rfd8 17. Ke2 Kf8 18. Bb3 Rac8 19. d5 Na5 20. d6 Bf6 21. Bxf6 exf6 22. Bd5 Rxc1 23. Rxc1 Rxd6 24. Rc8+ Ke7 25. e4 Nc6 26. Rc7+ Rd7 27. Rxd7+ Kxd7 28. Bxf7 g5 29. Bg8 h6 30. f4 b5 31. fxg5 hxg5 32. f4 Nd4+ 33. Ke3 Ne6 34. fxg5 fxg5 35. e5 Nf4 36. Kf3 Nxh3 37. Kg4 Nf2+ 38. Kxg5 Ke7 39. Kf4 a5 40. Ke3 Ng4+ 41. Kd4 Kd7 42. Bd5 Nf2 43. Bf3 Ke6 44. Be2 b4 45. Bc4+ Kf5 46. Kd5 a4 47. e6 Ng4 48. e7 Nf6+ 1/2-1/2

[Event "NOR-ch op"]
[Site "Oslo"]
[Date "2006.04.10"]
[Round "3"]
[White "Carlsen, Henrik"]
[Black "Andersen, Dag"]
[Result "1-0"]
[WhiteElo "2062"]
[BlackElo "1844"]
[PlyCount "91"]
[EventDate "2006.04.08"]
[EventType "swiss"]
[EventRounds "9"]
[EventCountry "NOR"]
[SourceTitle "CBM 111 Extra"]
[Source "ChessBase"]
[SourceDate "2006.05.09"]
[SourceVersion "1"]
[SourceVersionDate "2006.05.09"]
[SourceQuality "1"]

1. e4 e6 2. d4 d5 3. Nd2 Nf6 4. e5 Nfd7 5. Ngf3 c5 6. c3 Nc6 7. Bd3 cxd4 8. cxd4 f6 9. 0-0 Be7 10. exf6 Nxf6 11. Re1 0-0 12. Nf1 Bd6 13. a3 Qb6 14. b4 a6 15. Be3 Bd7 16. Ng3 Qc7 17. Rc1 Rae8 18. Ne5 Re7 19. Bb1 Qb8 20. Bf4 Be8 21. Rc3 Ne4 22. Nxc6 Bxc6 23. Bxd6 Nxd6 24. Qh5 Ne4 25. Nxe4 dxe4 26. Bxe4 Bxe4 27. Rxe4 Rc8 28. Rxc8+ Qxc8 29. Qd1 Rc7 30. Re1 Rc3 31. d5 exd5 32. Qxd5+ Kh8 33. g3 h6 34. h4 Rxa3 35. Qf7 Kh7 36. h5 Qc6 37. Qf5+ Kg8 38. Qf4 Rd3 39. Qb8+ Kh7 40. Qf4 Qd5 41. Qg4 g5 42. Re7+ Kg8 43. Qc8+ Qd8 44. Qe6+ Kh8 45. Qf6+ Kg8 46. Qg7# 1-0

[Event "Gausdal op"]
[Site "Gausdal"]
[Date "2004.10.01"]
[Round "10"]
[White "Carlsen, Henrik"]
[Black "Vea, Odin Blikra"]
[Result "0-1"]
[WhiteElo "2066"]
[BlackElo "2057"]
[PlyCount "72"]
[EventDate "2004.09.??"]
[EventType "swiss"]
[EventRounds "10"]
[EventCountry "NOR"]
[SourceTitle "CBM 102 Extra"]
[Source "ChessBase"]
[SourceDate "2004.11.03"]
[SourceVersion "1"]
[SourceVersionDate "2004.11.03"]
[SourceQuality "1"]

1. d4 d5 2. c4 e5 3. dxe5 d4 4. Nf3 Nc6 5. g3 Be6 6. Qa4 Qd7 7. Bg2 0-0-0 8. 0-0 Bh3 9. e6 Bxe6 10. Ng5 Nge7 11. Nxe6 Qxe6 12. e4 h5 13. h4 Kb8 14. Nd2 Ne5 15. Nf3 Nxf3+ 16. Bxf3 Ng6 17. Bg2 Ne5 18. b3 Be7 19. Ba3 g5 20. Bxe7 Qxe7 21. hxg5 h4 22. gxh4 Rxh4 23. f4 Nd3 24. Qb5 Nxf4 25. Rxf4 Rxf4 26. e5 c6 27. Bxc6 Rg8 28. Bg2 Rxg5 29. Qd5 Rfg4 30. Rf1 Rxg2+ 31. Kh1 Rh5+ 32. Kxg2 Qg5+ 33. Kf3 Qe3+ 34. Kg2 Rg5+ 35. Kh2 Qg3+ 36. Kh1 Qh3# 0-1